| 000 | 00598cam a2200193 4500 | ||
|---|---|---|---|
| 001 | WB3716-31 | ||
| 008 | 000000n2001 000 0 eng u | ||
| 035 | _a(Sirsi) u112139 | ||
| 245 | _aZero grazing option | ||
| 260 | _c2001 | ||
| 490 |
_aFarmers' Weekly _v134(15) 13 April 2001, 34(2) |
||
| 520 | _aLooks at the practicalities of zero grazing for producers who are concerned about foot-and-mouth risks linked to turning out cattle. | ||
| 650 | _aGRAZING | ||
| 650 | _aFOOT-AND-MOUTH DISEASE | ||
| 650 | _aGRASS | ||
| 650 |
_aContamination _96231 |
||
| 690 |
_aRural _96268 |
||
| 942 | _n0 | ||
| 999 |
_c66783 _d66783 |
||